Introductory Course in Differential Equations (Record no. 759034)

MARC details
000 -LEADER
fixed length control field 00568nam a22001937a 4500
003 - CONTROL NUMBER IDENTIFIER
control field OSt
005 - DATE AND TIME OF LATEST TRANSACTION
control field 20260425115552.0
008 - FIXED-LENGTH DATA ELEMENTS--GENERAL INFORMATION
fixed length control field 260425b |||||||| |||| 00| 0 eng d
020 ## - INTERNATIONAL STANDARD BOOK NUMBER
International Standard Book Number 9789368571506
040 ## - CATALOGING SOURCE
Transcribing agency kul
082 ## - DEWEY DECIMAL CLASSIFICATION NUMBER
Classification number 515.35 MUR.I
100 ## - MAIN ENTRY--PERSONAL NAME
Personal name Murray, Daniel A.
9 (RLIN) 13939
245 ## - TITLE STATEMENT
Title Introductory Course in Differential Equations
260 ## - PUBLICATION, DISTRIBUTION, ETC.
Place of publication, distribution, etc. New Delhi:
Name of publisher, distributor, etc. Wave Books,
Date of publication, distribution, etc. 2026.
300 ## - PHYSICAL DESCRIPTION
Extent xvi, 236p.
650 ## - SUBJECT ADDED ENTRY--TOPICAL TERM
Topical term or geographic name entry element Differential Equations -- Textbooks
9 (RLIN) 13940
650 ## - SUBJECT ADDED ENTRY--TOPICAL TERM
Topical term or geographic name entry element Differential Equations -- Problems & Exercises
9 (RLIN) 13941
942 ## - ADDED ENTRY ELEMENTS (KOHA)
Source of classification or shelving scheme Dewey Decimal Classification
Koha item type Book
Holdings
Withdrawn status Lost status Source of classification or shelving scheme Damaged status Not for loan Home library Current library Shelving location Date acquired Total Checkouts Full call number Barcode Date last seen Price effective from Koha item type
    Dewey Decimal Classification     Campus Library Kariavattom Campus Library Kariavattom General Stacks 25/04/2026   515.35 MUR.I UCL35607 25/04/2026 25/04/2026 Book